00573cam a22001931 4500001001300000003000400013005001700017008004100034010001700075035002000092040003200112042001200144050002400156100002800180245005400208260006700262300003500329999001500364af 48000911 DLC20260227110846.0890410s1940 gw ac 000 0 ger c aaf 48000911  a(OCoLC)19526564 aYale Univ. LibrarycCUdDLC apremarc00aPT2639.T13bZ5 19401 aStach, Ilse von,d1879-14aDer Petrus-Segen;bErinnerungen und Bekenntnisse. aMùˆnster (Westf.)bRegensbergsche Verlagsbuchhandlungc[1940] a283 p.billus., ports.c20 cm. c4267d4267